000 00285nam a2200121Ia 4500
008 220204s9999 xx 000 0 und d
082 _a07 (035)
_bKAM
100 _aKAMATH, M V
245 0 _aJournalist's handbook
260 _aDelhi
_bVikas
_c1983
650 _aJournalism
942 _cBK
999 _c36801
_d36801